000 00344 a2200133 4500
020 _a0711019037
090 _c6161
_d6161
100 _aLippiett, John.
245 _aType 21: Modern combat ships 5
_cJohn Lippiett,
260 _aLondon:
_bIan Allan,
_c1990.
300 _a109 p. :
_bill. ;
_c24 cm.
650 _aFrigates
942 _cBK
_k623.8254 LIP
999 _c9994
_d9994